| 000 | 00581nam a2200181 a 4500 | ||
|---|---|---|---|
| 005 | 20210219151112.0 | ||
| 008 | 991125s1956 par 000 0 fre u | ||
| 035 | _aUPN01000027705 | ||
| 049 | _aCG | ||
| 050 | 4 |
_aLB1582 B6.1 _bD3.5 |
|
| 100 | 1 | _aFerré, David | |
| 245 | 1 | 0 |
_aHistoire : _bgrands faits et récits : cours moyen : 1er. année / _cDavid Ferré, Poitevin. |
| 260 |
_aParís : _bF. Nathan, _c1956. |
||
| 300 |
_a192 p., [15] p. de láms. col. _bil. |
||
| 650 | 4 |
_aHISTORIA - _xESTUDIO Y ENSEÑANZA (ELEMENTAL) - _zBRASIL |
|
| 700 | 1 |
_aPoitevin, _ecoaut. |
|
| 905 | _aLibro | ||
| 999 |
_c27705 _d27705 |
||